Mössbauer Handbooks. Irradiation experiments

Saved in:
Bibliographic Details
Format: Book
Language:English
Published: Asheville : The University of North Carolina at Asheville, 1999
Subjects:
Tags: Add Tag
No Tags, Be the first to tag this record!

MARC

LEADER 00000nam a22000003a 4500
001 stu49484
005 20141122032130.0
008 990416s1999------------------------eng-d
040 |a STU  |b slo 
041 0 |a eng 
080 |a 539.16.04 
080 |a 539.186.22 
084 |a A6180  |2 INS 
084 |a A2430  |2 INS 
084 |a A2520  |2 INS 
084 |a A3340  |2 INS 
245 |a Mössbauer Handbooks. Irradiation experiments 
260 |a Asheville :  |b The University of North Carolina at Asheville,  |c 1999 
300 |a 95 s 
650 7 |a radiácia  |2 stusub 
650 7 |a účinky žiarenia  |2 stusub 
650 7 |a Mössbauerova spektroskopia  |2 stusub 
996 |b 284EK82639  |c E*82639  |l EE10  |s P  |a 0  |w stu49484_0001